01760cam a2200337 a 450000500170000000800410001702000150005804000230007304100080009604400070010408200200011124502160013126001650034730000770051250400280058965000590061765000730067665000700074965000920081965000690091165000530098070000470103370000350108070000310111570000380114670000400118470000370122470000500126170000390131171000720135020191224041706.0030915s2002 ck ab r 00010 spa d a9588094585 ala cladCO-BoIAVH0 aspa ack04a577.30723bB74m00aBosques secos y muy secos del departamento del Valle del Cauca, Colombia / ctextos María Isabel Salazar Ramírez ... [et al] ; fotografías Diego Miguel Garcés Guerrero, ilustraciones Raul Ríos Herrera. aSantiago de Cali : bCorporación Autónoma Regional del Valle del Cauca, Subdirección Patrimonio Ambiental, Grupo Vida Silvestre y Areas protegidas,c2002. a72 páginas : bilustraciones a color y mapas ; c16 x 16 centímetros aIncluye bibliografía.14aBosque secoz Valle del Cauca (Departamento, Colombia)26aConservación de bosquesz Valle del Cauca (Departamento, Colombia)26aEcosistemas tropicalesz Valle del Cauca (Departamento, Colombia)26aDesarrollo sosteniblex Aspectos ambientalesz Valle del Cauca (Departamento, Colombia)26aEducación ambientalz Valle del Cauca (Departamento, Colombia)26aFaunaz Valle del Cauca (Departamento, Colombia)1 aSalazar Ramírez, María Isabel.etextos1 aGómez Hoyos, Nataliaetextos1 aVargas, William G.etextos1 aReyes Gutiérrez, Miltonetextos1 aCastillo Crespo, Luz Stellaetextos1 aBolivar García, Wilmaretextos1 aGarcés Guerrero, Diego Miguel, eilustrador1 aRíos Herrera, Raul, eilustrador2 aCorporación Autónoma Regional del Valle del Cauca - CVCc(Cali)